|
|
|
|
| LEADER |
01901nam a2200325 a 4500 |
| 001 |
1543788 |
| 008 |
100615r20061992njua b 001 0 eng d |
| 010 |
|
|
|a \\\91034144
|
| 020 |
|
|
|a 0135881463
|
| 020 |
|
|
|a 8120308484
|
| 040 |
|
|
|a DLC
|c DLC
|d DLC
|d BD-DhAAL
|
| 082 |
0 |
0 |
|a 004.16
|2 20
|
| 100 |
1 |
|
|a Rafiquzzaman, Mohamed.
|
| 245 |
1 |
0 |
|a Microprocessors :
|b theory and applications (Intel and Motorola) /
|c M. Rafiquzzaman.
|
| 250 |
|
|
|a Rev. ed.
|
| 260 |
|
|
|a Englewood Cliffs, N.J. :
|b Prentice Hall ;
|a New Delhi :
|b Prentice Hall of India Pvt. Ltd.,
|c c1992 [reprinted 2006].
|
| 300 |
|
|
|a ix, 468 p. :
|b ill. ;
|c 29 cm.
|
| 500 |
|
|
|a Rev. ed. of: Microcomputer theory and applications with the Intel SDK-85. 2nd ed. c1987.
|
| 504 |
|
|
|a Includes bibliographical references (p. 459-460) and index.
|
| 541 |
1 |
|
|e 00015440
|
| 650 |
|
0 |
|a Microprocessors.
|
| 650 |
|
0 |
|a Intel 8086 (Microprocessor)
|
| 650 |
|
0 |
|a Motorola 68000 series microprocessors.
|
| 700 |
1 |
|
|a Rafiquzzaman, Mohamed.
|t Microcomputer theory and applications with Intel SDK-85.
|
| 852 |
4 |
|
|a Ayesha Abed Library
|j General Shelf
|
| 999 |
|
|
|c 8958
|d 8958
|
| 952 |
|
|
|0 0
|1 0
|2 ddc
|4 0
|6 004_160000000000000_RAF_2006
|7 0
|9 11011
|a BRACUL
|b BRACUL
|c GEN
|d 2010-06-15
|l 6
|m 32
|o 004.16 RAF
|p 3010015440
|r 2025-06-18
|s 2025-02-11
|t 1
|w 2010-06-15
|y BK
|
| 952 |
|
|
|0 0
|1 0
|2 ddc
|4 0
|6 004_160000000000000_RAF
|7 0
|9 12137
|a SCL
|b SCL
|c GEN
|d 2010-09-27
|l 8
|m 63
|o 004.16 RAF
|p 3010006851
|r 2019-04-21
|s 2018-12-17
|t 2
|w 2010-09-27
|y BK
|x Transferred from BRACUL to SCL on 08/08/22
|
| 952 |
|
|
|0 0
|1 0
|2 ddc
|4 0
|6 004_160000000000000_RAF
|7 0
|9 13120
|a SCL
|b SCL
|c GEN
|d 2010-11-06
|l 8
|m 80
|o 004.16 RAF
|p 3010015438
|r 2019-12-17
|s 2019-09-23
|t 3
|w 2010-11-06
|y BK
|x Transferred from BRACUL to SCL on 08/08/22
|
| 952 |
|
|
|0 0
|1 0
|2 ddc
|4 0
|6 004_160000000000000_RAF
|7 0
|9 13367
|a BRACUL
|b BRACUL
|c GEN
|d 2010-12-01
|l 10
|m 91
|o 004.16 RAF
|p 3010012260
|r 2023-01-03
|s 2022-09-28
|t 4
|w 2010-12-01
|y BK
|x Price not available in Register
|